| 000 | 00481nam a2200205 4500 | ||
|---|---|---|---|
| 003 | SEACOMEC | ||
| 005 | 20231004060002.0 | ||
| 008 | 231004b |||||||| |||| 00| 0 eng d | ||
| 020 | _c$6.25 | ||
| 040 | _aSEACOMEC | ||
| 082 |
_a621.517 _bAUT |
||
| 100 | _aKuo, benjamin C. | ||
| 245 | _aAutomatic Control System | ||
| 250 | _a8th | ||
| 260 |
_aSingapore _bJohn Wiley _c2003 |
||
| 600 | _aGolnaraglsi, Farid | ||
| 650 | _aElectronics | ||
| 700 | _aBenjamin C Kuo | ||
| 942 | _cBOOK | ||
| 999 |
_c46 _d46 |
||